Menolly Investments 3 Sarl v Cerep Sarl (Record no. 81481)

MARC details
000 -LEADER
fixed length control field 02068cad a22002175a 4500
001 - CONTROL NUMBER
control field L147326
008 - FIXED-LENGTH DATA ELEMENTS--GENERAL INFORMATION
fixed length control field 090429e20090318xxk f v 000 0 eng d
035 ## - SYSTEM CONTROL NUMBER
System control number (Sirsi) u147326
041 0# - LANGUAGE CODE
Language code of text/sound track or separate title eng
245 04 - TITLE STATEMENT
Title Menolly Investments 3 Sarl v Cerep Sarl
Medium [electronic resource]
260 ## - PUBLICATION, DISTRIBUTION, ETC.
Date of publication, distribution, etc. 2009
520 ## - SUMMARY, ETC.
Summary, etc. [2009] EWHC 516 (Ch), 18 March 2009. The case relates to the true interpretation of a building contract. Menolly Investments 3 (M) and Cerep Sarl (C) went into a Share sales agreement under which M would have to buy sales from a company owing a building in Cheapside, London. Practical completion under the building contract was to be reached for this agreement to be fulfilled. It appears that, for the parties, "practical completion" meant "completed for all practical purposes". M argued that there was no practical completion as there was no level access to the retail units as required by the disability discrimination legislation. C objected that the issue of level access had been entered very late in the court proceedings. M had conducted itself as though practical completion was achieved. This proved, for Cerep, that practical completion was achieved and a valid certificate could be issued. "Held": The works necessary to add the level access were part of the contractor's contractual obligations. The issue of the level access did come late in the proceedings. The parties conducted themselves on the basis that practical completion was achieved. C suffered a prejudice by M not raising the point of level access earlier. M were under obligation to complete the Share sale agreement.
590 ## - LOCAL NOTE (RLIN)
Local note KA
650 24 - SUBJECT ADDED ENTRY--TOPICAL TERM
Topical term or geographic name entry element MENOLLY INVESTMENTS 3 SARL V CEREP SARL
650 24 - SUBJECT ADDED ENTRY--TOPICAL TERM
Topical term or geographic name entry element NATIONAL GRID CO PLC V M25 GROUP LTD
650 24 - SUBJECT ADDED ENTRY--TOPICAL TERM
Topical term or geographic name entry element NORWICH UNION LIFE INSURANCE SOCIETY V P&O PROPERTY HOLDINGS LTD
651 #4 - SUBJECT ADDED ENTRY--GEOGRAPHIC NAME
Geographic name England and Wales
Chronological subdivision 1543-
690 ## - LOCAL SUBJECT ADDED ENTRY--TOPICAL TERM (OCLC, RLIN)
Topical term or geographic name as entry element BUILT ENVIRONMENT-BUILDING CONTRACT FORMS-CERTIFICATES OF COMPLETION
856 40 - ELECTRONIC LOCATION AND ACCESS
Uniform Resource Identifier <a href="https://www.bailii.org/ew/cases/EWHC/Ch/2009/516.html">https://www.bailii.org/ew/cases/EWHC/Ch/2009/516.html</a>
Public note View the case free of charge at www.bailli.org...
942 ## - ADDED ENTRY ELEMENTS (KOHA)
Suppress in OPAC 0
Holdings
Withdrawn status Lost status Source of classification or shelving scheme Damaged status Not for loan Home library Current library Shelving location Date acquired Total Checkouts Full call number Barcode Date last seen Copy number Price effective from Koha item type
    Dewey Decimal Classification     Virtual Virtual Online 29/04/2009   ONLINE JUDGMENT 147326-2001 06/08/2019 1 06/08/2019 Law report